00728nam a22002057a 45000010005000000030009000050050017000140080041000310200035000720400028001070820019001351000028001542450122001822600041003043000045003455040051003906500021004416500035004627000025004974415BD-DhUAP20200122160249.0200122s1995 nyua b 001 0 eng d a0471598488 (pbk. : alk. paper) aDLCcDLCdBD-DhUAPbEng00223a174.4 TRE 1 aTreviño, Linda Klebe.10aManaging business ethics :bstraight talk about how to do it right /cLinda Klebe Treviño and Katherine A. Nelson. aNew York :bJ. Wiley & Sons,cc1995. axv, 332 pages :billustrations ;c23 cm. aIncludes bibliographical references and index. 0aBusiness ethics. 0aBusiness ethicsxCase studies.1 aNelson, Katherine A.